عرض عادي
عرض مارك
- East Asia
دخول Geographic Name
001 - CONTROL NUMBER
- control field: 17155
003 - CONTROL NUMBER IDENTIFIER
- control field: AE-AdECS
005 - DATE AND TIME OF LATEST TRANSACTION
- control field: 20250616130618.0
008 - FIXED-LENGTH DATA ELEMENTS
- fixed length control field: 250616|| aca||aabn | a|a d
040 ## - CATALOGING SOURCE
- Original cataloging agency: AE-AdECS
- Transcribing agency: AE-AdECS
151 ## - HEADING--GEOGRAPHIC NAME
- Geographic name: East Asia
- General subdivision: Foreign relations
- Geographic subdivision: United States
670 ## - SOURCE DATA FOUND
- Source citation: Work cat.: (AE-AdECS)291051: Rozman, Gilbert, author. 17152, Strategic triangles reshaping international relations in East Asia /
